00471 2200193 4500001002100000005001500021008004100036020001800077035001900095041000700114082000800121090001400129100003000143245002100173260003500194300002700229500000600256650001500262INLIS00000000000225120241224112513241224||||||||| | ||| |||| || |  a979-3034-95-5 0010-1224002251 aen0 a510 a510 TIM t0 aTim Redaksi Kawan Pustaka00aTabel Matematika adepokbpt. Kawan pustakac2004 aviii, 48 hlm.; 23,5 cm a1 0aIlmu Murni